| 000 | 00641nam a22002057a 4500 | ||
|---|---|---|---|
| 003 | OSt | ||
| 005 | 20260112031628.0 | ||
| 008 | 260112b |||||||| |||| 00| 0 eng d | ||
| 020 | _a0-670-87288-1 | ||
| 040 |
_aDWCL-Admin lib _cOC |
||
| 082 | _aCirc. 940.5318092 Se54l 1997 | ||
| 100 | _aSemprun, Jorge | ||
| 245 |
_a Literature of life / _cJorge Semprun |
||
| 260 |
_aNew York : _bPenguin Group, _cc1997 |
||
| 300 |
_a310 p. ; _c23 cm. |
||
| 650 | _a1. Prisoners of war--Germany--Biography. | ||
| 650 | _a2. Semprun, Jorge. | ||
| 650 | _a3. World War, 1939-1945--Prisoners and prisons, German. | ||
| 942 |
_2ddc _cBK-CIRC _hCirc. _n0 |
||
| 999 |
_c7269 _d7269 |
||